Εξι εύκολα κομμάτια
Αποθηκεύτηκε σε:
| Κύριος συγγραφέας: | |
|---|---|
| Άλλοι συγγραφείς: | , |
| Μορφή: | Βιβλίο |
| Γλώσσα: | Greek English |
| Δημοσίευση: |
Αθήνα :
Κάτοπτρο,
c1995.
|
| Θέματα: | |
| Ετικέτες: |
Προσθήκη ετικέτας
Δεν υπάρχουν, Καταχωρήστε ετικέτα πρώτοι!
|
MARC
| LEADER | 00000cam a2200000 i 4500 | ||
|---|---|---|---|
| 001 | 1/99473 | ||
| 008 | 000222s1998 gr | ||| |||| ||gre|| | ||
| 020 | |a 9607778227 | ||
| 035 | |l 10056896 | ||
| 040 | |a GR-MyUA |b gre |e AACR2 | ||
| 041 | 1 | |a gre |h eng | |
| 082 | 7 | |a 676 |2 (22) | |
| 100 | 1 | |a Feynman, Richard P. |q (Richard Phillips), |d 1918-1988. | |
| 245 | 1 | 0 | |a Εξι εύκολα κομμάτια / |c Richard P. Feynman ; πρόλογος Paul Davies ; μετάφραση Αθηνά Τσαγκογέωργα. |
| 260 | |a Αθήνα : |b Κάτοπτρο, |c c1995. | ||
| 300 | |a xxix, 145 σ. : |b εικ. ; |c 24 εκ. | ||
| 500 | |a Το αρχικό κείμενο επιμελήθηκαν οι Robert B. Leighton και Mathew Sands. | ||
| 500 | |a Περιλαμβάνει ευρετήριο. | ||
| 650 | 0 | |a Physics. | |
| 700 | 1 | |a Davies, P. C. W. | |
| 700 | 1 | |a Τσαγκογέωργα, Αθηνά, |e trlf | |
| 765 | 0 | 8 | |i Μετάφραση του: |t Six easy pieces : |
| 852 | |a INST |b SAMOS |e 20000222 |h 530 FEY |p 005300025918 |q 005300025918 |t BK |y 0 | ||
| 901 | |a BIBL3-2000-1 | ||
| 922 | |a 3ΕΛΗ |b 199912 |c ΒΙΒΛΙΟΘΗΚΗ |d ΠΑΠΑΣΩΤΗΡΙΟΥ | ||
| 950 | |a 127-1999-11-23 | ||
| 970 | |a ΓΕΝΟΥΖΟΥ |b ΧΡΥΣΑΝΘΗ |z 2000/02/22 | ||